000 00861nam a2200241 a 4500
001 48371
003 BD-RjUL
005 20211209054518.0
008 160813s1996 ii ||||| |||| 00| 0 ben d
020 _c: Tk. 90.00
035 _a(BD-RjUL)48490
040 _aBD-RjUL
_bben
_cBD-RjUL
041 _aben
082 _223
_a891.44209
_bGHN 1996
100 1 _aঘোষ, অজিতকুমার
_9121928
245 1 0 _aনাটকের কথা /
250 _a৪র্থ পরিবর্ধিত সং
260 _aকলিকাতা :
_bসাহিত্য লোক,
_c১৯৯৬
300 _a[১০।], ২৬২ পৃ. ;
_c২২ সেমি.
650 _aবাংলা নাটক
_vইতিহাস ও সমালোচনা
_9123606
650 _aBengali Drama
_vHistory and Criticism
_9117436
942 _2ddc
_cBK
_01
999 _c48371
_d48371